[Event "Championnat de France Pupillette"]
[Site "CALVI"]
[Date "2005.??.??"]
[Round "1.5"]
[White "Cidolit, Kati"]
[Black "Khan, Mai-Ly"]
[Result "0-1"]
[WhiteElo "1340"]
[BlackElo "1610"]
[PlyCount "82"]
[EventDate "2005.??.??"]
[SourceDate "2005.04.17"]

1. c4 e5 2. Nc3 Nf6 3. g3 Bc5 4. Bg2 Nc6 5. Nf3 d6 6. O-O Bg4 7. d3 O-O 8. Bg5
h6 9. Bxf6 Qxf6 10. Nd5 Qd8 11. Qc2 Ne7 12. Nc3 Nf5 13. e4 Bxf3 14. Bxf3 Nd4
15. Qd1 Re8 16. Bg2 Re6 17. Bh3 Rg6 18. Nd5 c6 19. Ne3 Qb6 20. b3 Ne6 21. Ng4
Bd4 22. Rc1 h5 23. Ne3 Bxe3 24. fxe3 Qxe3+ 25. Kh1 h4 26. Rf3 Qh6 27. g4 Nf4
28. Rc2 Qg5 29. Rf1 Nxh3 30. Rg2 Nf4 31. Rgg1 Rd8 32. a4 d5 33. exd5 cxd5 34.
c5 d4 35. b4 Qf6 36. Qf3 Qa6 37. a5 Qxd3 38. Qxb7 Rf6 39. g5 Rg6 40. Qe7 Qe4+
41. Rg2 Qxg2# 0-1

[Event "Championnat de France Pupillette"]
[Site "CALVI"]
[Date "2005.??.??"]
[Round "1.7"]
[White "Soubirou, Oriane"]
[Black "Mencacci, Tiphanie"]
[Result "1/2-1/2"]
[WhiteElo "1330"]
[BlackElo "1610"]
[PlyCount "95"]
[EventDate "2005.??.??"]
[SourceDate "2005.04.17"]

1. e4 e5 2. Nf3 Nf6 3. Nc3 Nc6 4. Bb5 d6 5. d3 Bg4 6. O-O a6 7. Ba4 b5 8. Bb3
Nd4 9. Be3 Nxf3+ 10. gxf3 Bh3 11. Re1 Be7 12. Nd5 c6 13. Bb6 Qd7 14. Nc7+ Kf8
15. Nxa8 Qb7 16. Be3 Qxa8 17. c3 Qd8 18. Qd2 Qd7 19. Bd1 Qe6 20. Bg5 h6 21. Bh4
Nh5 22. Bg3 Qg6 23. Kh1 Bg5 24. Qc2 Bf4 25. Rg1 Nxg3+ 26. fxg3 Be3 27. Re1 Qg5
28. Qe2 Bb6 29. a4 h5 30. b3 Rh6 31. Ra2 Rg6 32. Qd2 Qf6 33. c4 bxc4 34. bxc4
Qe6 35. f4 exf4 36. Qxf4 Rf6 37. Qg5 Bf2 38. Ree2 Be3 39. Qxe3 Rf1+ 40. Qg1
Rxg1+ 41. Kxg1 Qf6 42. Rf2 Qd4 43. Rad2 g6 44. Bf3 a5 45. Bg2 Qa1+ 46. Rf1 Qc3
47. Rff2 Bxg2 48. Kxg2 1/2-1/2

[Event "Championnat de France Pupillette"]
[Site "CALVI"]
[Date "2005.??.??"]
[Round "1.8"]
[White "Bellotti, Charlotte"]
[Black "Scherno, Catherine"]
[Result "1-0"]
[WhiteElo "1580"]
[BlackElo "1320"]
[PlyCount "115"]
[EventDate "2005.??.??"]
[SourceDate "2005.04.17"]

1. e4 e5 2. Nf3 Nc6 3. Bc4 Bc5 4. Nc3 Nf6 5. d3 d6 6. Bg5 Bg4 7. Nd5 h6 8.
Nxf6+ gxf6 9. Be3 Qe7 10. Bxc5 dxc5 11. h3 Bh5 12. g4 Bg6 13. Qd2 O-O-O 14.
O-O-O h5 15. Nh2 Rhg8 16. f3 Qd7 17. Rdf1 Nd4 18. f4 exf4 19. Rxf4 Qd6 20. Rhf1
Rdf8 21. Rxf6 Qe7 22. c3 Nc6 23. Qf4 Rg7 24. Be6+ Kb8 25. Bd5 h4 26. Bxc6 bxc6
27. Rxc6 Kb7 28. Qf6 Qxf6 29. Rfxf6 Bh7 30. Rxc5 Rg6 31. Rcc6 Re8 32. Rxg6 Bxg6
33. Rf6 Re7 34. Nf3 Kc8 35. Nxh4 Bh7 36. Rh6 Bg8 37. Rh8 Re8 38. Nf5 Kd7 39. h4
Rc8 40. h5 f6 41. h6 Rf8 42. h7 Ke6 43. hxg8=Q+ Rxg8 44. Rxg8 Kd7 45. g5 fxg5
46. Rxg5 c5 47. Rg7+ Kc6 48. Rxa7 Kb6 49. e5 Kxa7 50. e6 Kb6 51. e7 Kc6 52.
e8=Q+ Kb6 53. Qc8 Kb5 54. c4+ Kb6 55. Nd6 Ka5 56. Qb8 Ka6 57. Qb5+ Ka7 58. Qb7#
1-0

[Event "Championnat de France Pupillette"]
[Site "CALVI"]
[Date "2005.??.??"]
[Round "1.9"]
[White "Engel, Alexiane"]
[Black "Lenoel, Marine"]
[Result "0-1"]
[WhiteElo "1310"]
[BlackElo "1580"]
[PlyCount "56"]
[EventDate "2005.??.??"]
[SourceDate "2005.04.17"]

1. e4 e5 2. Nf3 Nc6 3. Nc3 Nf6 4. d3 h6 5. Be2 Bc5 6. O-O d6 7. Bd2 Be6 8. Qc1
Qd7 9. h3 Nd4 10. Re1 Bxh3 11. Bf1 Qg4 12. Nh2 Qg6 13. Nb5 Nxb5 14. Qd1 Ng4 15.
Be2 Nxf2 16. Bf1 Nxd1+ 17. Kh1 Nf2+ 18. Kg1 Nxe4+ 19. Be3 Nd2 20. g4 Bxf1 21.
Nxf1 Nf3+ 22. Kf2 Nxe1 23. Rxe1 Qxg4 24. Nh2 Qh4+ 25. Ke2 Qxh2+ 26. Kd1 Bxe3
27. Rxe3 Nd4 28. Re1 Qxc2# 0-1

[Event "Championnat de France Pupillette"]
[Site "CALVI"]
[Date "2005.??.??"]
[Round "1.10"]
[White "Mallet, Berenice"]
[Black "Baude, Fanny"]
[Result "1-0"]
[WhiteElo "1550"]
[BlackElo "1290"]
[PlyCount "59"]
[EventDate "2005.??.??"]
[SourceDate "2005.04.17"]

1. d4 d5 2. c4 dxc4 3. Nc3 Nc6 4. Nf3 Nf6 5. Bg5 Bg4 6. Bxf6 exf6 7. e3 Bb4 8.
Bxc4 O-O 9. O-O f5 10. Nd5 Qd6 11. h3 Bxf3 12. Qxf3 Na5 13. Rac1 Nxc4 14. Rxc4
Ba5 15. Rfc1 c6 16. Nf4 b5 17. Rxc6 Qb4 18. Nd3 Qd2 19. Qxf5 b4 20. R6c2 g6 21.
Qe4 {Diagramme #} 21... Rae8 22. Ne5 f5 23. Qd5+ Kh8 24. Rxd2 Rd8 25. Qxa5 Rb8
26. Nd7 Rbc8 27. Rdc2 Rxc2 28. Rxc2 Rg8 29. Qe5+ Rg7 30. Rc8# 1-0

[Event "Championnat de France Pupille"]
[Site "CALVI"]
[Date "2005.04.18"]
[Round "2.1"]
[White "Dionisi, Thomas"]
[Black "Descamps, Thomas"]
[Result "1-0"]
[WhiteElo "1990"]
[BlackElo "1730"]
[PlyCount "73"]
[EventDate "2005.??.??"]
[SourceDate "2005.04.17"]

1. e4 c6 2. d4 d5 3. Nc3 dxe4 4. Nxe4 Bf5 5. Ng3 Bg6 6. h4 h6 7. Nf3 Nd7 8. h5
Bh7 9. Bd3 Bxd3 10. Qxd3 e6 11. Bf4 Ngf6 12. O-O-O Nd5 13. Bd2 Qc7 14. c4 N5f6
15. Kb1 O-O-O 16. Qb3 Qb6 17. Bc3 Qxb3 18. axb3 Bd6 19. Ne5 Rhf8 20. Rhe1 c5
21. Nxd7 Rxd7 22. Ne4 cxd4 23. Nxf6 gxf6 24. Rxd4 Rfd8 25. Red1 Bc5 26. Rxd7
Rxd7 27. Rxd7 Kxd7 28. Bd2 Bf8 29. Kc2 Bg7 {#} (29... f5) 30. g4 e5 31. Kd3 Ke6
32. Ke4 a6 33. Bb4 f5+ 34. gxf5+ Kf6 35. f4 exf4 36. Kxf4 Bh8 37. Bc3+ 1-0

[Event "Championnat de France Pupille"]
[Site "CALVI"]
[Date "2005.04.18"]
[Round "2.2"]
[White "Ternault, Mathieu"]
[Black "Sochacki, Christophe"]
[Result "0-1"]
[WhiteElo "1740"]
[BlackElo "1960"]
[PlyCount "88"]
[EventDate "2005.??.??"]
[SourceDate "2005.04.17"]

1. e4 e6 2. d4 d5 3. exd5 exd5 4. Bd3 Bd6 5. Nf3 Ne7 6. O-O O-O 7. h3 Bf5 8.
Re1 Bxd3 9. Qxd3 Nd7 10. Nc3 c6 11. Bg5 f6 12. Bh4 Qc7 13. Re2 Ng6 14. g3 Nb6
15. b3 Qd7 16. Kg2 Nc8 17. Nd1 Bc7 18. Qe3 Nd6 19. Qe6+ Qxe6 20. Rxe6 Ne4 21.
Ne3 Kf7 22. Rxe4 dxe4 23. Nd2 Rfe8 24. Re1 Rad8 25. c3 Re6 26. a3 Nxh4+ 27.
gxh4 g6 28. b4 f5 29. h5 Kf6 30. hxg6 hxg6 31. a4 Kg5 32. h4+ Kf6 33. Kh3 Re7
34. Ndc4 Rh7 35. Rh1 g5 36. Kg2 gxh4 37. Kh3 Rg8 38. a5 Rhg7 39. d5 f4 40. Nd1
cxd5 41. Na3 Rg1 42. Rxg1 Rxg1 43. Nb2 f3 44. Nb5 Kg5 0-1

[Event "Championnat de France Pupille"]
[Site "CALVI"]
[Date "2005.04.18"]
[Round "2.3"]
[White "Fevre, Mathieu"]
[Black "Peyre, Thomas"]
[Result "1/2-1/2"]
[WhiteElo "1951"]
[BlackElo "1730"]
[PlyCount "121"]
[EventDate "2005.??.??"]
[SourceDate "2005.04.17"]

1. e4 e6 2. d4 d5 3. Nc3 Bb4 4. e5 c5 5. a3 Bxc3+ 6. bxc3 Qa5 7. Bd2 Qa4 8. Nf3
c4 9. Be2 a6 10. O-O Nc6 11. Nh4 Nge7 12. f4 Bd7 13. Rb1 b5 14. Bc1 O-O-O 15.
Be3 h5 16. Qd2 g6 17. Ra1 Rdg8 18. Rfb1 Na7 19. Qc1 Kc7 20. Nf3 Nf5 21. Bd2 Rf8
22. Rb4 Qa5 23. Ng5 Nc6 24. Rbb1 Na7 25. Qb2 Bc6 26. Qb4 Qxb4 27. cxb4 Nxd4 28.
Bd1 Nf5 29. c3 Kb7 30. Be1 Nh6 31. Bf2 Rd8 32. Bc5 Rhe8 33. Ra2 Nc8 34. a4 Nb6
35. axb5 Bxb5 36. Bc2 Ra8 37. g3 Nd7 38. Bd4 Nb6 39. Rba1 Ra7 40. Bc5 Rea8 41.
Ra5 Kc6 42. Nf3 Ng4 43. h3 Nh6 44. Kg2 Kb7 45. Nd4 Bd7 46. Kf3 Re8 47. Kf2 Rg8
48. Nf3 Rc8 49. Ng5 Raa8 50. Rg1 Rh8 51. g4 Rag8 52. Be7 Re8 53. Bf6 Rhg8 54.
gxh5 Ref8 55. hxg6 fxg6 56. Nh7 Rf7 57. Bxg6 Rxg6 58. Rxg6 Rxh7 59. h4 Nf5 60.
Rg1 Na4 61. Rc1 {#} 1/2-1/2

[Event "Championnat de France Pupille"]
[Site "CALVI"]
[Date "2005.04.18"]
[Round "2.4"]
[White "L'Huillier, Robin"]
[Black "Dubessay, Bastien"]
[Result "1-0"]
[WhiteElo "1730"]
[BlackElo "1939"]
[PlyCount "97"]
[EventDate "2005.??.??"]
[SourceDate "2005.04.17"]

1. d4 Nf6 2. c4 g6 3. Nc3 Bg7 4. e4 d6 5. Be2 O-O 6. Bg5 Nbd7 7. Qd2 e5 8. d5
a6 9. a4 Qe8 10. h4 Nc5 11. Qc2 h6 12. Be3 Bd7 13. b3 {#} 13... Ncxe4 14. Nxe4
Nxe4 15. Rc1 (15. Qxe4 Bf5 16. Qf3 e4 17. Qg3 Bxa1 18. Bxh6 Bg7 $17) 15... f5
16. g4 Nc5 17. f3 Qc8 18. Qd1 fxg4 19. fxg4 Ne4 20. Bf3 Ng3 21. Rh3 e4 22. Rxg3
exf3 23. Rxf3 Rxf3 24. Qxf3 Bxg4 25. Qe4 Bf5 26. Qg2 Qe8 27. Kd2 Qe4 28. Qxe4
Bxe4 29. Ne2 h5 30. Nf4 Bf6 31. Rg1 Kh7 32. Bf2 Rf8 33. Ne6 Rf7 34. Re1 Bf5 35.
Bg3 Bxe6 36. dxe6 Re7 37. Kd3 Kg7 38. c5 dxc5 39. Kc4 Bd4 40. Bxc7 Bf2 41. Be5+
Kg8 42. Bf6 Bxe1 43. Bxe7 b6 44. Kd5 Bb4 45. Kc6 a5 46. Kd7 c4 47. bxc4 Be1 48.
c5 bxc5 49. Bg5 1-0

[Event "Championnat de France Pupille"]
[Site "CALVI"]
[Date "2005.04.18"]
[Round "2.5"]
[White "Ider, Borya"]
[Black "Divine, Armand"]
[Result "1-0"]
[WhiteElo "1939"]
[BlackElo "1707"]
[PlyCount "63"]
[EventDate "2005.??.??"]
[SourceDate "2005.04.17"]

1. d4 Nf6 2. Nf3 g6 3. Bf4 Bg7 4. Nbd2 O-O 5. e3 d6 6. h3 c5 7. Bc4 Qe8 8. O-O
b5 9. Bd3 Bb7 10. c3 c4 11. Bc2 d5 12. Re1 Nh5 13. Bh2 f5 14. Be5 Nf6 15. a4 a6
16. axb5 axb5 17. Rxa8 Bxa8 18. Qa1 Nc6 19. Qa6 Nxe5 20. Nxe5 e6 21. f4 Ne4 22.
Ndf3 h6 23. Ra1 g5 24. Qb6 Qh5 25. Qxe6+ Kh7 26. Ra7 g4 27. hxg4 fxg4 28. Qxg4
Qxg4 29. Nxg4 Bc6 30. Nge5 Be8 31. Bxe4+ dxe4 32. Nd2 1-0

[Event "Championnat de France Pupille"]
[Site "CALVI"]
[Date "2005.04.18"]
[Round "2.6"]
[White "Giraud, Aymeric"]
[Black "Saatdjian, Stephane"]
[Result "1/2-1/2"]
[WhiteElo "1710"]
[BlackElo "1931"]
[PlyCount "73"]
[EventDate "2005.??.??"]
[SourceDate "2005.04.17"]

1. e4 c5 2. c3 Nf6 3. e5 Nd5 4. d4 cxd4 5. cxd4 g6 6. Qb3 Nb6 7. Nf3 Bg7 8. Ng5
O-O 9. Qh3 h6 10. Nf3 d6 11. Qh4 dxe5 12. dxe5 h5 13. Bg5 f6 14. Bc4+ Kh8 15.
exf6 exf6 16. Be3 Bg4 17. Nbd2 Nc6 18. h3 g5 19. Qg3 Bxf3 20. Qxf3 Qe8 21. Bd3
Ne5 22. Qf5 Nxd3+ 23. Qxd3 Rd8 24. Qe4 Qxe4 25. Nxe4 Rfe8 26. Ng3 Nd5 27. Nf5
Nxe3 28. fxe3 Rd5 29. g4 h4 30. Ke2 Bf8 31. Rhd1 Rde5 32. Rd3 Bc5 33. Rc1 b6
34. Rcc3 a5 35. Rd7 R5e6 36. Rcd3 Kg8 37. Nh6+ 1/2-1/2

[Event "Championnat de France Pupille"]
[Site "CALVI"]
[Date "2005.04.18"]
[Round "2.7"]
[White "Botto, Julien"]
[Black "Kirk, Eden"]
[Result "1/2-1/2"]
[WhiteElo "1900"]
[BlackElo "1690"]
[PlyCount "47"]
[EventDate "2005.??.??"]
[SourceDate "2005.04.17"]

1. e4 c5 2. Nc3 Nc6 3. Bb5 d6 4. Bxc6+ bxc6 5. d3 Nf6 6. f4 g6 7. Nf3 Bg7 8.
O-O O-O 9. Bd2 Qb6 10. Rb1 c4+ 11. Kh1 cxd3 12. cxd3 c5 13. Qe2 Ba6 14. b3 Rfd8
15. Rbc1 Bb5 16. Nxb5 Qxb5 17. Rc4 a5 18. Rfc1 Nd7 19. Bc3 Bh6 20. Bd2 Nb6 21.
R4c2 Bg7 22. Bc3 a4 23. bxa4 Nxa4 24. Bxg7 1/2-1/2

[Event "Championnat de France Pupille"]
[Site "CALVI"]
[Date "2005.04.18"]
[Round "2.8"]
[White "Yu, William"]
[Black "Vieillot, Colin"]
[Result "1/2-1/2"]
[WhiteElo "1860"]
[BlackElo "1690"]
[PlyCount "146"]
[EventDate "2005.??.??"]
[SourceDate "2005.04.17"]

1. e4 d5 2. exd5 Qxd5 3. Nc3 Qd6 4. Nf3 Nf6 5. Be2 Bg4 6. O-O a6 7. h3 Bh5 8.
d3 Nc6 9. Be3 O-O-O 10. Ng5 Bg6 11. Bf3 Ne5 12. Nge4 Nxf3+ 13. Qxf3 Nxe4 14.
Nxe4 Qc6 15. Rfc1 e6 16. Ng5 Qxf3 17. Nxf3 f6 18. Re1 Be7 19. Nd4 e5 20. Nb3
Rhe8 21. Nc5 Rd5 22. b4 f5 23. f3 Bf6 24. Rab1 e4 25. c4 Rdd8 26. dxe4 fxe4 27.
f4 Bd4 28. Rb3 Bxe3+ 29. Rexe3 Rd1+ 30. Kf2 Rd2+ 31. Re2 Rxe2+ 32. Kxe2 Bf7 33.
Rc3 c6 34. a4 b6 35. Nxa6 Kb7 36. b5 c5 37. a5 bxa5 38. Nxc5+ Kb6 39. Nd7+ Kc7
40. Ne5 Bg8 41. Ke3 Kb6 42. Kxe4 Kc5 43. Kd3 a4 44. Kc2 Kb4 45. Kb2 Ra8 46.
Nc6+ Kc5 47. Ka3 Be6 48. Ne5 Bf5 49. g4 Be4 50. Nd7+ Kd4 51. Kb4 a3 52. Rxa3
Rxa3 53. Kxa3 Kxc4 54. Ka4 Kd4 55. b6 Ke3 56. Nc5 Bc6+ 57. Ka5 Kxf4 58. Ne6+
Kg3 59. Nxg7 Kxh3 60. g5 Kg4 61. Ne6 Bh1 62. Kb5 Ba8 63. Nc7 Bb7 64. Ne6 Kf5
65. Nf8 Kxg5 66. Nxh7+ Kf5 67. Kc5 Ke5 68. Nf8 Ba8 69. Nd7+ Ke6 70. Nb8 Bb7 71.
Nc6 Kd7 72. Na5 Kc8 73. Nc6 Kd7 1/2-1/2

[Event "Championnat de France Pupille"]
[Site "CALVI"]
[Date "2005.04.18"]
[Round "2.9"]
[White "Viers, Emmanuel"]
[Black "Geronimi, Pierre-Francois"]
[Result "1-0"]
[WhiteElo "1710"]
[BlackElo "1847"]
[PlyCount "71"]
[EventDate "2005.??.??"]
[SourceDate "2005.04.17"]

1. e4 e5 2. Nf3 Nc6 3. Bc4 Bc5 4. O-O Nf6 5. d4 Bxd4 6. Ng5 O-O 7. Nd2 h6 8.
Ngf3 d6 9. h3 Be6 10. Bb5 Ne7 11. Nxd4 exd4 12. f4 c6 13. Bd3 c5 14. e5 dxe5
15. fxe5 Nfd5 16. Nc4 Nc6 17. Qh5 f6 18. Qg6 Qd7 19. Qh7+ Kf7 20. Nd6+ Ke7 21.
Qxg7+ Bf7 22. Bxh6 Nxe5 23. Nf5+ Ke6 24. Nxd4+ Kd6 25. Nb5+ Ke7 26. c4 Rg8 27.
Qh7 Rh8 28. Qe4 Nb4 29. Bg7 Nbxd3 30. Bxf6+ Ke8 31. Bxe5 Qe7 32. Qxd3 Rd8 33.
Qf3 Bxc4 34. Rfe1 Rf8 35. Bf6 Rxf6 36. Qxf6 1-0

[Event "Championnat de France Pupille"]
[Site "CALVI"]
[Date "2005.04.18"]
[Round "2.10"]
[White "Gattullo, Elia"]
[Black "Domenech, Vianney"]
[Result "1-0"]
[WhiteElo "1810"]
[BlackElo "1680"]
[PlyCount "47"]
[EventDate "2005.??.??"]
[SourceDate "2005.04.17"]

1. e4 c5 2. Nf3 Nc6 3. d4 cxd4 4. Nxd4 Nf6 5. Nc3 e5 6. Nf3 Bb4 7. Bg5 d6 8.
Bc4 O-O 9. O-O Bg4 10. Nd5 Be6 11. c3 Bc5 12. Bxf6 gxf6 13. Nh4 Kh8 14. Qf3 Rg8
15. b3 Bxd5 16. Bxd5 Qe7 17. Qh5 Raf8 18. Nf5 Qd7 19. Qh6 Qd8 20. Rad1 Rg6 21.
Qh4 Ne7 22. Rd3 Nxd5 23. Rh3 Rxg2+ 24. Kh1 1-0

[Event "Championnat de France Pupillette"]
[Site "CALVI"]
[Date "2005.04.18"]
[Round "2.1"]
[White "Kohi, Camilla"]
[Black "Balliet, Manon"]
[Result "1-0"]
[WhiteElo "1881"]
[BlackElo "1450"]
[PlyCount "91"]
[EventDate "2005.??.??"]
[SourceDate "2005.04.17"]

1. e4 d5 2. exd5 Qxd5 3. Nc3 Qa5 4. d4 e5 5. dxe5 Bb4 6. Bd2 Nc6 7. Bb5 Nge7 8.
f4 Be6 9. Nf3 O-O-O 10. Bxc6 Nxc6 11. Qe2 Bg4 12. O-O Bxf3 13. gxf3 Rhe8 14.
Rfd1 Bxc3 15. Bxc3 Rxd1+ 16. Qxd1 Qc5+ 17. Kg2 Qe3 18. Bd2 Qd4 19. c3 Qd3 20.
Be1 Qf5 21. Bg3 g5 22. Qb1 Qxb1 23. Rxb1 gxf4 24. Bxf4 Nxe5 25. Re1 Rg8+ 26.
Bg3 Nd3 27. Re7 Nf4+ 28. Kf1 Nd5 29. Rxf7 h6 30. c4 Ne3+ 31. Ke2 Re8 32. Rxc7+
Kd8 33. Kd3 Nf5 34. Bf4 Re7 35. Rxe7 Kxe7 36. Ke4 Ke6 37. b4 h5 38. a4 Ne7 39.
Be3 a6 40. b5 axb5 41. cxb5 Nd5 42. Bd4 Nb4 43. a5 Kf7 44. Bc3 Na2 45. Kd4 Kf6
46. a6 1-0

[Event "Championnat de France Pupillette"]
[Site "CALVI"]
[Date "2005.04.18"]
[Round "2.2"]
[White "Jerab, Donia"]
[Black "Lefevre, Margaux"]
[Result "0-1"]
[WhiteElo "1450"]
[BlackElo "1780"]
[PlyCount "82"]
[EventDate "2005.??.??"]
[SourceDate "2005.04.17"]

1. e4 e6 2. Nc3 d5 3. d3 dxe4 4. dxe4 Qxd1+ 5. Nxd1 Bd6 6. Be3 Nf6 7. Bd3 Bd7
8. Nf3 Nc6 9. a3 Ne5 10. Nxe5 Bxe5 11. Bd2 Bd4 12. c3 Bb6 13. Be3 Ba4 14. O-O
Rd8 15. Bxb6 cxb6 16. e5 Rxd3 17. exf6 gxf6 18. Ne3 Rg8 19. h4 Bc6 20. Rad1
Rxd1 21. Rxd1 f5 22. f3 Bxf3 23. Rd2 Bc6 24. Kf1 f4 25. Nc4 Bb5 26. Rd4 e5 27.
Re4 Bxc4+ 28. Rxc4 Kd7 29. Re4 f6 30. b4 Rg3 31. Kf2 Rxc3 32. a4 Ra3 33. b5 Rd3
34. Re1 Ra3 35. Re4 Ke6 36. Rc4 Kd7 37. Re4 h5 38. Rc4 f5 39. Ke2 Re3+ 40. Kf2
Re4 41. Rxe4 fxe4 0-1

[Event "Championnat de France Pupillette"]
[Site "CALVI"]
[Date "2005.04.18"]
[Round "2.3"]
[White "Neuhauser, Salome"]
[Black "Miralles, Dina"]
[Result "0-1"]
[WhiteElo "1660"]
[BlackElo "1450"]
[PlyCount "76"]
[EventDate "2005.??.??"]
[SourceDate "2005.04.17"]

1. e4 d6 2. d4 Nf6 3. Nc3 g6 4. f3 Bg7 5. Be3 Nc6 6. Qd2 b6 7. Bb5 Bd7 8. O-O-O
a6 9. Bd3 b5 10. Kb1 Qb8 11. Nce2 b4 12. Nc1 a5 13. Bc4 a4 14. Bf4 Na5 15. Be2
a3 16. e5 Nd5 17. Nb3 Nxb3 18. cxb3 Bf5+ 19. Ka1 axb2+ 20. Kxb2 Nc3 21. Ra1 Qa7
22. Kc1 Qa3+ 23. Qb2 Nxa2+ 24. Rxa2 Qxa2 25. Qxa2 Rxa2 26. Bb5+ Bd7 27. Bd3 O-O
28. Bd2 c5 29. Bb1 Ra3 30. dxc5 dxc5 31. Bc2 Bxe5 32. Kd1 Be6 33. Bc1 Ra1 34.
Ne2 Rd8+ 35. Ke1 Bb2 36. Kf2 Bxc1 37. Rxc1 Rxc1 38. Nxc1 Rd2+ 0-1

[Event "Championnat de France Pupillette"]
[Site "CALVI"]
[Date "2005.04.18"]
[Round "2.6"]
[White "Alonso, Audrey"]
[Black "Bellotti, Charlotte"]
[Result "0-1"]
[WhiteElo "1420"]
[BlackElo "1580"]
[PlyCount "106"]
[EventDate "2005.??.??"]
[SourceDate "2005.04.17"]

1. e4 c5 2. Bc4 e6 3. Nf3 Nc6 4. c3 d5 5. exd5 exd5 6. Qe2+ Be6 7. Bb5 Nf6 8.
O-O Be7 9. d4 c4 10. Ne5 Qb6 11. Bxc6+ bxc6 12. Bf4 O-O 13. Nd2 Rfc8 14. b3
cxb3 15. Nxb3 c5 16. Rfc1 cxd4 17. cxd4 a5 18. Qe3 Ba3 19. Rd1 a4 20. Nd2 Bb2
21. Rab1 Qxd4 22. Qxd4 Bxd4 23. Ndf3 Bc3 24. Rb7 a3 25. Nd4 Bb2 26. Ndc6 Kf8
27. Ne7 Rcb8 28. N5g6+ hxg6 29. Nxg6+ fxg6 30. Rxb8+ Rxb8 31. Bxb8 d4 32. Bd6+
Kf7 33. Bc5 Bxa2 34. Bxd4 Bxd4 35. Rxd4 Be6 36. Ra4 a2 37. Kf1 Nd7 38. Ke1 Nc5
39. Ra5 Nd3+ 40. Kd2 Nxf2 41. Kc2 Ng4 42. h4 Ne3+ 43. Kc1 Nxg2 44. Kb2 Nxh4 45.
Ra4 Nf5 46. Rf4 Kf6 47. Ra4 g5 48. Ra6 g4 49. Ra3 g3 50. Rd3 g2 51. Rd1 Bd5 52.
Rg1 Ng3 53. Re1 Ne2 0-1

[Event "Championnat de France Pupillette"]
[Site "CALVI"]
[Date "2005.04.18"]
[Round "2.7"]
[White "Lenoel, Marine"]
[Black "Dupuis, Claire"]
[Result "1-0"]
[WhiteElo "1580"]
[BlackElo "1420"]
[PlyCount "83"]
[EventDate "2005.??.??"]
[SourceDate "2005.04.17"]

1. e4 e5 2. Nf3 Nc6 3. Bc4 Bc5 4. d3 Nf6 5. Nc3 d6 6. Bg5 Bg4 7. h3 Bh5 8. Nd5
h6 9. Be3 Bxe3 10. fxe3 a6 11. Qe2 Na5 12. Bb3 c6 13. Nc3 Nxb3 14. axb3 Qb6 15.
Qf2 Qc7 16. Qg3 O-O 17. Nh4 Kh7 18. O-O Rg8 19. Rf5 Rab8 20. Raf1 Qe7 21. Qf2
Qe6 22. Ne2 Bxe2 23. Qxe2 Rbf8 24. Nf3 Kh8 25. Nh2 Kh7 26. Ng4 Nxg4 27. Qxg4 f6
28. Qh4 b6 29. Rh5 a5 30. Rff5 c5 31. c4 Qf7 32. Kf2 Qe7 33. Rf3 Rf7 34. Qg4
Rff8 35. Rg3 Rf7 36. Qf3 Rff8 37. Rg4 Rf7 38. Rgh4 Rff8 39. Qf5+ Kh8 40. Rxh6+
gxh6 41. Rxh6+ Qh7 42. Rxh7# 1-0

[Event "Championnat de France Pupillette"]
[Site "CALVI"]
[Date "2005.04.18"]
[Round "2.8"]
[White "Wehr, Margaux"]
[Black "Mallet, Berenice"]
[Result "1-0"]
[WhiteElo "1390"]
[BlackElo "1550"]
[PlyCount "71"]
[EventDate "2005.??.??"]
[SourceDate "2005.04.17"]

1. e4 e6 2. d4 d5 3. e5 c5 4. c3 Bd7 5. Nf3 Nc6 6. Be2 Be7 7. Na3 Qb6 8. Nc2 f6
9. O-O cxd4 10. cxd4 fxe5 11. dxe5 Bc5 12. a3 Qc7 13. b4 Bb6 14. Bf4 Nge7 15.
Re1 O-O 16. Bg3 Nf5 17. Bd3 Nh6 18. h3 Nf7 19. Rc1 a5 20. b5 Na7 21. Ne3 Bc5
22. Qc2 Rac8 23. Bxh7+ Kh8 24. a4 Bb6 25. Qg6 Bc5 26. Qh5 Nh6 27. Bg6 Be8 28.
Bxe8 Rcxe8 29. Ng4 Qf7 30. Qxf7 Nxf7 31. Rxc5 Re7 32. Bh4 Rd7 33. Rec1 d4 34.
Rc7 Rd5 35. Rxb7 Nc8 36. Rb8 1-0

[Event "Championnat de France Pupillette"]
[Site "CALVI"]
[Date "2005.04.18"]
[Round "2.9"]
[White "Goubert, Caroline"]
[Black "Bogen, Fanny"]
[Result "1-0"]
[WhiteElo "1370"]
[BlackElo "1540"]
[PlyCount "69"]
[EventDate "2005.??.??"]
[SourceDate "2005.04.17"]

1. d4 f5 2. Nf3 Nf6 3. Nc3 Nc6 4. Bf4 d6 5. e3 e6 6. Bd3 Qe7 7. Bb5 Bd7 8. Bxc6
Bxc6 9. Qd3 g6 10. O-O Bxf3 11. gxf3 O-O-O 12. e4 e5 13. Bg5 h6 14. Nd5 Qd7 15.
Bxf6 Bg7 16. Bxd8 Qxd8 17. Rfe1 Qg5+ 18. Kf1 exd4 19. Qb3 Re8 20. Qa4 c6 21.
Nb6+ axb6 22. Qa8+ Kd7 23. Qxb7+ Kd8 24. Qxg7 fxe4 25. Qxd4 Qb5+ 26. c4 Qf5 27.
Qxd6+ Kc8 28. Qxc6+ Kd8 29. Rad1+ Ke7 30. Rxe4+ Kf7 31. Qxe8+ Kf6 32. f4 Qh3+
33. Ke1 g5 34. Rd6+ Kf5 35. Qe6# 1-0

[Event "Championnat de France Pupillette"]
[Site "CALVI"]
[Date "2005.04.18"]
[Round "2.10"]
[White "Monasri, Sara"]
[Black "Dijoux, Neslie"]
[Result "1-0"]
[WhiteElo "1520"]
[BlackElo "1290"]
[PlyCount "61"]
[EventDate "2005.??.??"]
[SourceDate "2005.04.17"]

1. e4 e5 2. Nf3 Nc6 3. Bc4 Nf6 4. d4 Nxe4 5. dxe5 Qe7 6. O-O Nxe5 7. Nxe5 Qxe5
8. Re1 Bd6 9. g3 Qf5 10. Qe2 O-O 11. Qxe4 Qh3 12. Bf1 Qh5 13. Nc3 Rb8 14. Bg2
b6 15. Bd2 Bb7 16. Qe2 Qf5 17. Bxb7 Rxb7 18. Qe4 Qxe4 19. Rxe4 f5 20. Re2 b5
21. Nd5 g6 22. Rae1 c6 23. Ne7+ Kf7 24. Bh6 Re8 25. Nxf5 Rxe2 26. Nxd6+ Ke6 27.
Rxe2+ Kxd6 28. Bf4+ Kc5 29. Re7 h6 30. Bxh6 Rb8 31. Rxd7 1-0

[Event "Championnat de France Pupille"]
[Site "CALVI"]
[Date "????.??.??"]
[Round "3.1"]
[White "Joudelat, David"]
[Black "Dionisi, Thomas"]
[Result "0-1"]
[WhiteElo "1760"]
[BlackElo "1990"]
[PlyCount "120"]
[EventDate "2005.??.??"]
[SourceDate "2005.04.17"]

1. e4 e6 2. d4 d5 3. e5 c5 4. dxc5 Bxc5 5. a3 a5 6. Nc3 Nc6 7. Nf3 f6 8. Bf4
fxe5 9. Nxe5 Nf6 10. Bd3 Qb6 11. O-O O-O 12. Na4 Qa7 13. Nxc5 Qxc5 14. Qf3 Nd7
15. Qh5 Nf6 16. Qh3 Qd4 17. Qe3 Qxe3 18. fxe3 Nxe5 19. Bxe5 Bd7 20. Bd6 Rfe8
21. Be5 Ng4 22. Bd4 e5 23. Bb6 Re6 24. Bc5 Rc6 25. b4 b6 26. Bb5 bxc5 27. Bxc6
Bxc6 28. bxc5 Nxe3 29. Rf2 Rb8 30. Re2 d4 31. c3 Nc4 32. cxd4 exd4 33. Rd1 Rd8
34. Rd3 Bb5 35. Re4 Rd7 36. Rdxd4 Rxd4 37. Rxd4 Nxa3 38. Rd1 Kf7 39. Ra1 Nc4
40. Rc1 Ke7 41. Rb1 Bc6 42. Rc1 Ne5 43. Ra1 a4 44. Rd1 a3 45. Kf2 a2 46. Ke3
Bxg2 47. Kd4 Nc6+ 48. Kc4 Be4 49. Re1 Kd7 50. Kb3 Bb1 51. Kb2 Na5 52. Rg1 g6
53. Rf1 Nb3 54. Rf7+ Ke6 55. Rc7 a1=Q+ 56. Kxb3 Qa2+ 57. Kb4 Qb2+ 58. Ka5 Bd3
59. Rc6+ Kd5 60. Rb6 Qa3# 0-1

[Event "Championnat de France Pupille"]
[Site "CALVI"]
[Date "????.??.??"]
[Round "3.2"]
[White "Sochacki, Christophe"]
[Black "L'Huillier, Robin"]
[Result "1-0"]
[WhiteElo "1960"]
[BlackElo "1730"]
[PlyCount "121"]
[EventDate "2005.??.??"]
[SourceDate "2005.04.17"]

1. e4 e5 2. d4 exd4 3. Qxd4 Nc6 4. Qe3 d6 5. Bd2 Nf6 6. c4 Be6 7. f3 Be7 8. Nc3
O-O 9. O-O-O Ne5 10. b3 Re8 11. g4 h6 12. Bd3 c6 13. Bc2 Qb6 14. Qe2 a5 15. a4
Ned7 16. e5 dxe5 17. h4 Nc5 18. Kb2 e4 19. g5 exf3 20. Nxf3 Nh7 21. gxh6 Bf6
22. Ka2 g6 23. Rdg1 Bf5 24. Qd1 Bxc2 25. Qxc2 Kh8 26. h5 Rg8 27. hxg6 fxg6 28.
Rh2 Nf8 29. Be3 Qb4 30. Bxc5 Qxc3 31. Qxc3 Bxc3 32. Rhg2 Ne6 33. Bd6 Rad8 34.
Be5+ Bxe5 35. Nxe5 Kh7 36. Rxg6 Rxg6 37. Rxg6 Rd2+ 38. Ka3 Nd4 39. Rg7+ Kxh6
40. Rxb7 Nc2+ 41. Kb2 Nb4+ 42. Kc1 Re2 43. Rxb4 Rxe5 44. Rb6 Rc5 45. Kd2 Kg5
46. Ke3 Kf5 47. Kd4 Re5 48. Rxc6 Re4+ 49. Kd3 Rg4 50. Rc5+ Kf4 51. Rxa5 Rg3+
52. Kc2 Rg2+ 53. Kc3 Ke4 54. Ra8 Rg3+ 55. Kb4 Kd3 56. Rb8 Kc2 57. Ka5 Rg5+ 58.
Rb5 Rg8 59. c5 Rc8 60. Kb6 Rh8 61. c6 1-0